Nightwish: 'Alpenglow' Lyrics - Statistics

General Stats
  • This quiz has been taken 17 times
  • The average score is 13 of 46
Answer Stats
Answer % Correct
Once upon a time, a song was heard
100%
Together we slay another fright
89%
Giving birth to a child of Earth and verse
78%
Close your eyes and take a peek
67%
The truth is easy to see
67%
We were here, roaming on the endless prairie
67%
Building a Walden of our own
56%
Every jubjub bird, spooks of the past
56%
Writing an endless story
56%
And become the music, one with alpenglow
44%
Building a Walden of our own
33%
Close your eyes and take a peek
33%
Conquering the darkest places
33%
Every jubjub bird, spooks of the past
33%
I will tuck us in on a bed of snow
33%
The truth is easy to see
33%
Together we slay another fright
33%
We were here, grieving the saddened faces
33%
We were here, roaming on the endless prairie
33%
Writing an endless story
33%
A beautiful tale within the tale
22%
And when the dust needs to move on
22%
Conquering the darkest places
22%
Hand in hand, guiding me into light
22%
Painting white, silencing the valley we built
22%
Time to rest now and to finish the show
22%
Together we'll sleep devoured by life
22%
We were here, grieving the saddened faces
22%
You are my path, my home, my star
22%
You, the fairytale guise in blue and white
22%
And become the music, one with alpenglow
11%
Building a Walden of our own
11%
Building a Walden of our own
11%
Time to rest now and to finish the show
11%
We were here, roaming on the endless prairie
11%
We were here, roaming on the endless prairie
11%
Writing an endless story
11%
Writing an endless story
11%
And become the music, one with alpenglow
0%
And become the music, one with alpenglow
0%
Conquering the darkest places
0%
Conquering the darkest places
0%
Time to rest now and to finish the show
0%
Time to rest now and to finish the show
0%
We were here, grieving the saddened faces
0%
We were here, grieving the saddened faces
0%
No matching quizzes found
Score Distribution
Percent of People with Each Score
Percentile by Number Answered
Your Score History
You have not taken this quiz